Pet Cheetah - Twenty One Pilots Lyrics - Statistics

General Stats
  • This quiz has been taken 14 times
  • The average score is 57 of 329
Answer Stats
Lyrics % Correct
a
50%
and
50%
and
50%
basement
50%
bathed
50%
beats
50%
cheetah
50%
cheetah's
50%
down
50%
feet
50%
got
50%
him,
50%
him,
50%
him
50%
him
50%
his
50%
Verse 1 I
50%
I
50%
in
50%
in
50%
Verse 2 I've
50%
I've
50%
I've
50%
Jason
50%
make
50%
me
50%
my
50%
my
50%
named
50%
Now
50%
on
50%
pet
50%
pet
50%
quicker
50%
raised
50%
Statham
50%
studio
50%
than
50%
the
50%
these
50%
to
50%
trained
50%
afraid
25%
am
25%
an
25%
and
25%
and
25%
And
25%
as
25%
be
25%
beat,
25%
behind
25%
bet
25%
can
25%
cheetah,
25%
clique
25%
confide
25%
could
25%
days
25%
death
25%
delete
25%
done
25%
dude
25%
each
25%
Eight
25%
eight
25%
enough
25%
exercise
25%
faces
25%
feel
25%
find
25%
find
25%
get
25%
get
25%
Verse 4 Get
25%
get
25%
going
25%
growing
25%
he
25%
help
25%
here
25%
here
25%
him
25%
his
25%
hours
25%
house
25%
I
25%
I
25%
I
25%
I
25%
I
25%
I
25%
I
25%
I
25%
Bridge I
25%
I'll
25%
I'll
25%
I'll
25%
I'll
25%
I'm
25%
I'm
25%
Verse 3 I'ma
25%
in
25%
in
25%
is
25%
island,
25%
It
25%
just
25%
line
25%
make
25%
me
25%
means
25%
mind
25%
mindset
25%
mine
25%
move
25%
move
25%
much
25%
music
25%
my
25%
my
25%
my
25%
My
25%
nepotistic
25%
no
25%
Chorus No,
25%
Chorus No,
25%
not
25%
of
25%
on
25%
on
25%
one
25%
one
25%
one
25%
ours
25%
perched
25%
Outro Pet
25%
pet
25%
places
25%
possess
25%
pressure
25%
problem
25%
problem
25%
roof
25%
room
25%
scared
25%
should
25%
showing
25%
sit
25%
sit
25%
slow
25%
slow
25%
So
25%
so
25%
start
25%
stay
25%
stop
25%
stop
25%
straight,
25%
take
25%
the
25%
the
25%
the
25%
the
25%
the
25%
this
25%
this
25%
This
25%
this
25%
'til
25%
'til
25%
time
25%
time
25%
tip-toeing
25%
to
25%
to
25%
to
25%
to
25%
to
25%
us
25%
vultures
25%
wanna
25%
wanna
25%
we're
25%
Will
25%
with
25%
with
25%
beat,
0%
can
0%
cheetah
0%
cheetah,
0%
cheetah
0%
cheetah,
0%
cheetah
0%
cheetah,
0%
cheetah
0%
cheetah,
0%
cheetah
0%
cheetah,
0%
cheetah
0%
cheetah,
0%
cheetah
0%
cheetah,
0%
cheetah
0%
cheetah,
0%
cheetah
0%
cheetah,
0%
cheetah
0%
cheetah,
0%
cheetah
0%
cheetah,
0%
cheetah
0%
cheetah,
0%
cheetah
0%
cheetah,
0%
cheetah
0%
cheetah,
0%
cheetah
0%
could
0%
delete
0%
exercise
0%
feel
0%
find
0%
find
0%
find
0%
find
0%
here
0%
here
0%
here
0%
here
0%
I
0%
I
0%
I
0%
I
0%
I
0%
I
0%
I
0%
I
0%
I
0%
I
0%
I
0%
I
0%
I
0%
I'll
0%
I'll
0%
I'll
0%
I'll
0%
I'll
0%
it
0%
lose
0%
mind
0%
move
0%
move
0%
move
0%
move
0%
my
0%
Chorus No,
0%
Chorus No,
0%
Chorus No,
0%
Chorus No,
0%
Pet
0%
pet
0%
Pet
0%
pet
0%
Pet
0%
pet
0%
Pet
0%
pet
0%
Pet
0%
pet
0%
Pet
0%
pet
0%
Pet
0%
pet
0%
Pet
0%
pet
0%
Pet
0%
pet
0%
Pet
0%
pet
0%
Pet
0%
pet
0%
Pet
0%
pet
0%
Pet
0%
pet
0%
Pet
0%
pet
0%
possess
0%
pressure
0%
problem
0%
problem
0%
problem
0%
problem
0%
should
0%
sit
0%
sit
0%
sit
0%
sit
0%
slow
0%
slow
0%
slow
0%
slow
0%
So
0%
start
0%
stop
0%
stop
0%
stop
0%
stop
0%
take
0%
the
0%
the
0%
the
0%
the
0%
this
0%
'til
0%
'til
0%
'til
0%
'til
0%
time
0%
time
0%
time
0%
time
0%
to
0%
to
0%
wanna
0%
wanna
0%
wanna
0%
wanna
0%
No matching quizzes found
Score Distribution
Percent of People with Each Score
Percentile by Number Answered
Your Score History
You have not taken this quiz